Derecho de sociedades

Bewaard in:
Bibliografische gegevens
Hoofdauteur: Torres Zagal, Oscar Andrés (Auteur)
Formaat: Boek
Taal:Spaans
Gepubliceerd in: Santiago Legal Publishing 2018
Editie:6a. ed
Reeks:Colección Tratados y Manuales
Onderwerpen:
Tags: Voeg label toe
Geen labels, Wees de eerste die dit record labelt!

MARC

LEADER 00000cam a2200000 a 4500
001 UCC6073
003 CL-VaPUC
008 181116e20180000cl |||||||||||||||||spa|d
020 |a 9789563469868 
082 0 4 |a 346.8307  |b TOR  |2 21 
100 0 |a Torres Zagal, Oscar Andrés  |e author  |9 600505 
245 1 0 |a Derecho de sociedades 
250 |a 6a. ed 
300 |a 774 p 
942 |c BK 
945 |d 20181116 13:40:00  |a dcastane 
260 |a Santiago  |b Legal Publishing  |c 2018 
650 7 |a DERECHO DE SOCIEDADES  |2 CL-VaPUC  |9 600506 
650 0 |a Derecho privado  |9 258243 
650 0 |a Sociedades anónimas  |9 255387 
650 7 |a RESPONSABILIDAD CIVIL  |2 CL-VaPUC  |9 600507 
583 |a last modification  |c 20181116 13:40:00  |k Rodrigo Vera 
490 0 |a Colección Tratados y Manuales 
999 |c 373126  |d 373124 
952 |0 0  |1 0  |3 erb  |4 0  |6 346_830700000000000_TOR_2018  |7 0  |8 A  |9 491077  |a BIBDER  |b BIBDER  |i 5515637  |l 1  |o 346.8307 TOR 2018  |p 5515637  |r 2023-12-20  |s 2023-06-22  |w 2019-11-24  |y BK  |z Catalogado en:20181116  |k DER